00373cam a22001097a 4500008004000000020001600040082001900056245009800075260005000173300000800223650003200231180718b1960 xxu||||| |||| 00| 0 eng d a11 320344 6 aO1300x42 Un3 4 aOrganisation and management of domestic work in hospitalscBy Her majesty's stationery office aLondonbHer majesty's stationery officec1960 a29p aOrganisation and management